000 00379nam a2200133Ia 4500
005 20260326100048.0
008 260326s9999||||xx |||||||||||||| ||und||
100 _aHitchcock, Henry-Russell
245 0 _aLatin American Architecture :
_b Since 1945 /
_cHenry-Russell Hitchcock
260 _bMuseum of Modern Art
300 _a203 p.
650 _aARQUITECTURA REGIONAL
942 _cBK
999 _c7256
_d7256